01032 2200229 4500001002100000005001500021035002000036007000300056008004100059020002200100082001000122084001600132100003700148245008400185260006000269300005000329700003600379250002800415650003900443520030300482990001700785INLIS00000000000033020260525103137 a0010-0323000224ta260525 j 1 ind  a978-602-367-288-2 a741.5 a741.5 AYN f0 aAyna Hajar Legisan ( pengarang )1 aFashion designer :bNext G /cAyna Hajar Legisan ; penyunting, Wiwit Wijiastuti aBandung :bMuffin Granphics ( PT Mizan Pustaka ),c2017 a104 :bilus. ; gambar hitam putih ;c21 cme-0 aWiwit Wijiastuti ( penyunting ) a-Ed.II,Cet.II,Juni 2017 4aFiksi Indonesia - Bacaan Anak-anak aSiapa sangka, Renata Aisya kini menjadi desainer sukses. Ia pun mempunyai studio fesyen sendiri. Sebelum menjadi desainer terkenal, Renata harus berusaha keras untuk mewujudkan cita-citanya. Seperti apa ya, perjuangan Renata hingga bisa sukses seperti saat ini? Yuk kita ikuti kisah lengkapnya! a00033/K/2020